I cani abbaiano : personaggi noti e luoghi segreti /
I tiakina i:
| Kaituhi matua: | |
|---|---|
| Ētahi atu kaituhi: | , , |
| Hōputu: | Pukapuka |
| Reo: | Itāriana |
| I whakaputaina: |
Milano :
Garzanti,
1976
|
| Rangatū: | I bianchi
|
| Ngā Tūtohu: |
Kāore He Tūtohu, Me noho koe te mea tuatahi ki te tūtohu i tēnei pūkete!
|
MARC
| LEADER | 00000nam a22000007i 4500 | ||
|---|---|---|---|
| 001 | IT\ICCU\SBL\0016092 | ||
| 003 | ItRI | ||
| 005 | 20250729121858.0 | ||
| 008 | 910930s1976 it |||||| ||||| |||||c | ||
| 015 | |2 IT |a 777957 | ||
| 040 | |b ita |c ct | ||
| 041 | 7 | |a ita |2 ISO-639-2 | |
| 082 | |a 814.5 |2 18 | ||
| 100 | 1 | |a Capote, Truman |0 IT\ICCU\CFIV\022708 |4 aut | |
| 240 | 1 | 4 | |a The dogs bark |9 Capote, Truman |
| 245 | 1 | 2 | |a I cani abbaiano : |b personaggi noti e luoghi segreti / |c Truman Capote. |
| 260 | |a Milano : |b Garzanti, |c 1976 | ||
| 300 | |a 358 p. ; |c 19 cm | ||
| 500 | |a Trad. dall'inglese di Mariapaola Dettore, Paola Francioli, Bruno Tasso | ||
| 700 | 1 | |a Dèttore, Mariapaola |0 IT\ICCU\CFIV\022709 |4 trl | |
| 700 | 1 | |a Tasso, Bruno |0 IT\ICCU\CFIV\023883 |4 trl | |
| 700 | 1 | |a Francioli, Paola |0 IT\ICCU\SBLV\011669 |4 trl | |
| 830 | 2 | |a I bianchi |0 IT\ICCU\RAV\0002187 | |
| 942 | |2 ddc |c BK | ||
| 952 | |0 0 |1 0 |2 ddc |4 0 |6 B_LDV03CAPTRCAN11 |7 0 |9 9229 |a MI |b MI |d 2014-05-27 |i 3624 |l 0 |o B-LDV03-CAPTR-CAN11 |p CDOM3624 |r 2025-07-17 21:50:48 |w 2025-07-17 |x DONO DEL COMUNE DI MILANO |y BK | ||
| 981 | 1 | |6 z01 |a i |b xxxe | |
| 982 | 1 | |6 z01 |a n | |
| 999 | |c 7694 |d 7694 | ||